[Event "Dortmund Sparkassen op-B"]
[Site "Dortmund"]
[Date "2008.07.04"]
[Round "7"]
[White "Gegner, Michael"]
[Black "Weber, Kian"]
[Result "0-1"]
[WhiteElo "1513"]
[BlackElo "1384"]
[PlyCount "60"]
[EventDate "2008.06.30"]
[EventType "swiss"]
[EventRounds "9"]
[EventCountry "GER"]
[SourceTitle "EXT 2022"]
[Source "ChessBase"]
[SourceDate "2021.10.06"]
[SourceVersion "1"]
[SourceVersionDate "2021.10.06"]
[SourceQuality "1"]

1. e4 e6 2. d4 d5 3. c4 dxe4 4. Nc3 b6 5. f3 exf3 6. Nxf3 Bb7 7. Be3 Nf6 8. Bd3 c5 9. dxc5 Bxc5 10. Bg5 0-0 11. Qc2 g6 12. 0-0-0 Nbd7 13. Rhf1 Be7 14. Bh6 Re8 15. h3 Nh5 16. Be4 Qc7 17. Ng5 Ndf6 18. g4 Ng3 19. Bxb7 Qxb7 20. Rg1 Qc7 21. Rd3 Bd6 22. Rf3 Be5 23. Qf2 Qe7 24. Nxf7 Qxf7 25. g5 Nf5 26. Rxf5 exf5 27. gxf6 Bxf6 28. Qxf5 Bxc3 29. Qxf7+ Kxf7 30. bxc3 Re7 0-1